000 00775nam a2200241 a 4500
001 BRL_541
005 20190320210806.0
008 020913s1948----gw-a######---#000-0#ger-#
041 _ager
044 _agw
050 4 _aPQ1877
_b.D67 1948
245 1 0 _aDornröschen und Fiebzehn andere Märchen der Brüder Grimm
_cfür die jugend ausgewählt von Paul Moriz ; mit vier farbigen und vierzehn schmarzen bildern von Paul Hen
260 _aStuttgart, Alemania.
_bThienemanns
_cca. 1948
300 _a96 p.
_bil. algunas a color.
_c24 cm.
500 _aAu629
500 _aEl ejemplar carece de lomo.
650 1 4 _aLiteratura infantil
_924249
650 1 4 _aCuentos
_910272
700 1 _aMoriz, Paul
_924250
700 1 _aHen, Paul
_924251
902 _aGRL
942 _2lcc
_cB
999 _c9353
_d9353